000 02522nam a2200577Ia 4500
001 334
008 241029s9999 xx 000 0 und d
010 _a302
041 _aEspañol
082 _aMGC13-005
245 0 _aImpacto del Liderazgo Directivo en los Centros Educativos Dr. Juan Francisco Pérez Velásquez y Simón Rodríguez del Distrito Educativo 16-06, Bonao, en el Periodo Agosto-Diciembre 2012
260 _aPuerto Plata
300 _a127
520 _a5
630 _aAcompañamiento Escolar
630 _aActores Educativos
630 _aLiderazgo
630 _aModelo de Gestión
630 _aSupervisión Curricular
650 _aLiderazgo
690 _aElaborado
700 _easesor
_aMencía , Pedro
700 _eautor
_aGarcía Hernández, Elmeli Altagracia
700 _eautor
_aReyes, Tania
901 _a{"1":"García Hernández","2":"Reyes"}
_b{"1":"Elmeli Altagracia","2":"Tania"}
902 _a1
903 _a{"1":"Mencía "}
_b{"1":"Pedro"}
904 _aMagíster en
905 _aEducación
906 _a1
907 _aMención en
908 _aGestión de Centros Educativos
909 _aUniversidad Abierta para Adultos (UAPA), Recinto Santiago
910 _aNULL
_bNULL
911 _a["1"]
912 _aNO APLICA
913 _aNULL
914 _a28 de Febrero de 2013
915 _a05/05/14 09:05
916 _aNULL
917 _aNULL
918 _aNO APLICA
919 _a["207","7","131","141","188"]
520 _aEl estudio se planteó como objetivo general  determinar el impacto del liderazgo directivo en los  Centros Educativos Dr. Juan Francisco Pérez  Velásquez y Simón Rodríguez  del Distrito Educativo 16-06, Bonao.La investigación fue de carácter descriptivo, porque se realizó una descripción general y minuciosa sobre el liderazgo.  Se realizó bajo un enfoque cuantitativo y cualitativo, ya que presentó los resultados de manera numérica y describió la realidad tal como la experimenta.  La técnica utilizada fue la encuesta y como instrumento el cuestionario. El estudio evidenció que en lo relativo al nivel de apreciación de los educadores, el 43% estuvo en desacuerdo sobre la existencia del liderazgo ejercido por los directivos de los centros educativos objetos de estudio.  El 52% de los docentes afirmó que el liderazgo ejercido los directores es autoritario.
921 _a11
922 _a11
923 _a0
924 _aNO APLICA
942 _cTesis
999 _c302
_d302